000 00393nam a22001577a 4500
003 MPLRDC
005 20220104142947.0
008 210129b ||||| |||| 00| 0 eng d
082 _a229.1 CBD
100 _a陈柏达居士
245 _a佛陀的人格与教育
_c
260 _a
_b普门法苑
_c
300 _b
650 _a佛教传记--释迦牟尼; 佛传
942 _cBK
_o229.1 CBD
999 _c35277
_d35267